| 000 | 01368nkm a2200289 i 4500 | ||
|---|---|---|---|
| 001 | 189925 | ||
| 003 | ES-MaACL | ||
| 005 | 20250925162034.0 | ||
| 008 | 200102s1996 sp --- |00 ||spa d | ||
| 245 | 0 | 0 |
_aTeatro [ _hMaterial gráfico] _b: [5 serigrafías] / _cPetra Portillo, Luis Ledo, Antonio Ruiz, Victoria Guill, J.C. Núñez Crespo ; textos, Antonio Ruiz Ayuso. |
| 250 | _aEd. supervisada y numerada por el grupo. | ||
| 260 |
_a[Mérida, Extremadura : _bLos autores], _c1996. |
||
| 300 |
_a1 carpeta ([12] h.) : _b5 serigrafías col. ; _c50 x 36 cm. |
||
| 505 | 8 |
_aContiene: Carpeta nº P/A ; _tSerigrafía 1ª / _rPetra Portillo. -- _tSerigrafía 2ª / _rLuis Ledo. -- _tSerigrafía 3ª / _rAntonio Ruiz. -- _tSerigrafía 4ª / _rVictoria Guill. -- _tSerigrafía 5ª / _rJ.C. Núñez Crespo. -- _tTextos / _rAntonio Ruiz Ayuso |
|
| 594 | _aDatos tomados de colofón. | ||
| 597 | _aSerigrafías firmadas y numeradas por sus autores. | ||
| 597 | _aSerigrafías imp. sobre papel de la casa Guarro. | ||
| 700 | 1 |
_aPortillo, Petra. _9169328 |
|
| 700 | 1 |
_aLedo, Luis, _d1945- _9169329 |
|
| 700 | 1 |
_aRuiz, Antonio, _d1956- _9169330 |
|
| 700 | 1 |
_aGuill, Victoria. _9169331 |
|
| 700 | 1 |
_aNúñez Crespo, J.C. _9169332 |
|
| 700 | 1 |
_aRuiz Ayuso, Antonio. _9169333 |
|
| 852 |
_aES-MaACL _jGF-104 |
||
| 942 |
_2udc _cDIBGRB |
||
| 999 |
_c189925 _d189925 |
||